Умид; Сын литейщика: роман; пер. с узбек.

Bibliographic Details
Main Author: Мирмухсин
Other Authors: Амит Э. Эмиль (переводчик)
Language:Russian
Published: Москва, Советский писатель, 1979
Subjects:
Format: Book
KOHA link:https://koha.lib.tpu.ru/cgi-bin/koha/opac-detail.pl?biblionumber=144281

MARC

LEADER 00000nam0a2200000 4500
001 144281
005 20231101221103.0
035 |a (RuTPU)RU\TPU\book\156367 
090 |a 144281 
100 |a 20081001d1979 m y0rusy50 ca 
101 1 |a rus  |c uzb 
102 |a RU 
105 |a c z 000ay 
200 1 |a Умид  |a Сын литейщика  |e роман  |e пер. с узбек.  |f Мирмухсин  |g пер. Э. Амит 
210 |a Москва  |c Советский писатель  |d 1979 
215 |a 704 с.  |c портр., ил. 
606 1 |a Узбекская литература  |2 stltpush  |3 (RuTPU)RU\TPU\subj\62956  |9 80011 
610 1 |a художественная литература 
610 1 |a романы 
675 |a 894.375  |v 3 
700 0 |a Мирмухсин 
702 1 |a Амит  |b Э.   |g Эмиль  |4 730 
801 1 |a RU  |b 63413507  |c 20081001  |g PSBO 
801 2 |a RU  |b 63413507  |c 20200915  |g RCR 
942 |c BK